| 000 | 00578nam a2200157 i 4500 | ||
|---|---|---|---|
| 001 | 60993 | ||
| 003 | ES-MaACL | ||
| 005 | 20230906164339.0 | ||
| 007 | t| | ||
| 008 | 031110s1971 sp ||||1| spa d | ||
| 245 | 0 | 0 | _aEstudios sobre la España antigua. |
| 260 |
_aMadrid : _bFundación Pastor de Estudios Clásicos, _c1971. |
||
| 300 |
_a159 p., map. ; _c24 cm. |
||
| 505 | 8 | _aContiene: Consideraciones sobre geografía e historia de la España antigua / Antonio Tevar. La "Realeza" y los reyes en la España antigua / Julio Caro Baroja | |
| 852 |
_aES-MaACL _jC-42590 _bR.82057 |
||
| 999 |
_c60993 _d60993 |
||